Ms. Marvel Supporting Characters by Picture - Statistics

General Stats
  • This quiz has been taken 6 times
  • The average score is 7 of 13
Answer Stats
Picture Answer % Correct
Bruno Carrelli
100%
Red Dagger/Kareem
100%
Lockjaw
80%
Muneeba Khan
80%
Nakia Bahadir
80%
Aamir Khan
60%
Yusuf Khan
60%
Tyesha Hillman-Khan
40%
Zoe Zimmer
40%
Gabriel "Gabe" Hillman
20%
Michaela "Mike" Miller
20%
Sheikh Abdullah
20%
Vittorio "Vick" Carrelli
20%
No matching quizzes found
Score Distribution
Percent of People with Each Score
Percentile by Number Answered
Your Score History
You have not taken this quiz